| 000 | 00847nam a22001937a 4500 | ||
|---|---|---|---|
| 005 | 20250703161255.0 | ||
| 010 | _aHIN-129902 | ||
| 020 |
_c500.00 _a9789392012037 |
||
| 035 | _aHN-102248 | ||
| 037 | _bDBAD | ||
| 082 | _a921 | ||
| 100 |
_aअग्रवाल प्रमोद कुमार _982552 |
||
| 245 |
_aझाँसी की वीरांगना / _cप्रमोद कुमार अग्रवाल |
||
| 250 | _a 1 | ||
| 260 |
_aदिल्ली _bप्रतिभा प्रतिष्ठान |
||
| 270 |
_bदिल्ली _a694-बी (निकट अजय मार्किट) चावड़ी बाजार , दिल्ली - 110006 |
||
| 300 |
_a224 ,पृ. _b22.2 से.मी.(सजिल्द) |
||
| 942 |
_2ddc _cHN _h921 _mअग्रवा _e1 |
||
| 999 |
_c212064 _d212064 |
||